Extreme programming installed-(E-BOOK) (Record no. 192142)
[ view plain ]
| 000 -LEADER | |
|---|---|
| fixed length control field | 01808 a2200277 4500 |
| 003 - CONTROL NUMBER IDENTIFIER | |
| control field | Nust |
| 005 - DATE AND TIME OF LATEST TRANSACTION | |
| control field | 20170207154031.0 |
| 020 ## - INTERNATIONAL STANDARD BOOK NUMBER | |
| International Standard Book Number | 0-201-70842-6 |
| 040 ## - CATALOGING SOURCE | |
| Transcribing agency | Nust |
| 082 ## - DEWEY DECIMAL CLASSIFICATION NUMBER | |
| Classification number | 005.1 |
| 100 1# - MAIN ENTRY--PERSONAL NAME | |
| Personal name | Jeffries, Ron |
| 245 10 - TITLE STATEMENT | |
| Title | Extreme programming installed-(E-BOOK) |
| Statement of responsibility, etc. | Ron Jeffries, Ann Anderson, Chet Hendrickson |
| 260 ## - PUBLICATION, DISTRIBUTION, ETC. | |
| Place of publication, distribution, etc. | Boston, Mass. : |
| Name of publisher, distributor, etc. | Addison-Wesley, |
| Date of publication, distribution, etc. | cop. 2001 |
| 300 ## - PHYSICAL DESCRIPTION | |
| Extent | xx, 265 s. : |
| Other physical details | ill. ; |
| Dimensions | 24 cm |
| 490 0# - SERIES STATEMENT | |
| Series statement | XP series |
| 505 ## - FORMATTED CONTENTS NOTE | |
| Formatted contents note | 1. Extreme Programming. 2. The Circle of Life. 3. On-Site Customer. 4. User Stories. 5. Acceptance Tests. Sidebar: Acceptance Test Samples. 6. Story Estimation. Interlude: Sense of Completion. 7. Small Releases. 8. Customer Defines Release. 9. Iteration Planning. 10. Quick Design Session. 11. Programming. Sidebar: Code Quality. 12. Pair Programming. 13. Unit Tests. Sidebar: xUnit. 14. Test First, by Intention. 15. Releasing Changes. 16. Do or Do Not. 17. Experience Improves Estimates. 18. Resources, Scope, Quality, Time. 19. Steering. 20. Steering the Iteration. 21. Steering the Release. 22. Handling Defects. Sidebar: Advanced Issue: Defect Databases. Sidebar: Advanced Practice: Tests as Database. 23. Conclusion. Bonus Tracks. 24. We'll Try. 25. How to Estimate Anything. 26. Infrastructure. 27. It's Chet's Fault. 28. Balancing Hopes and Fears. 29. Testing Improves Code. 30. XPer Tries Java. 31. A Java Perspective. 32. A True Story. 33. Estimates and Promises. 34. Everything That Could Possibly Break. |
| 650 #7 - SUBJECT ADDED ENTRY--TOPICAL TERM | |
| Topical term or geographic name entry element | Computer software |
| General subdivision | Development |
| 650 #7 - SUBJECT ADDED ENTRY--TOPICAL TERM | |
| Topical term or geographic name entry element | Programmering |
| 650 #7 - SUBJECT ADDED ENTRY--TOPICAL TERM | |
| Topical term or geographic name entry element | Programspr�k |
| 650 #7 - SUBJECT ADDED ENTRY--TOPICAL TERM | |
| Topical term or geographic name entry element | Programutveckling |
| 650 #7 - SUBJECT ADDED ENTRY--TOPICAL TERM | |
| Topical term or geographic name entry element | Programvaruutveckling |
| 650 #7 - SUBJECT ADDED ENTRY--TOPICAL TERM | |
| Topical term or geographic name entry element | Software engineering |
| 651 ## - SUBJECT ADDED ENTRY--GEOGRAPHIC NAME | |
| Geographic name | E-BOOK |
| 700 1# - ADDED ENTRY--PERSONAL NAME | |
| Personal name | Anderson, Ann |
| 700 1# - ADDED ENTRY--PERSONAL NAME | |
| Personal name | Hendrickson, Chet |
| 942 ## - ADDED ENTRY ELEMENTS (KOHA) | |
| Source of classification or shelving scheme | |
| Koha item type | Book |
| Withdrawn status | Lost status | Source of classification or shelving scheme | Damaged status | Not for loan | Collection code | Permanent Location | Current Location | Date acquired | Total Checkouts | Full call number | Barcode | Date last seen | Price effective from | Koha item type |
|---|---|---|---|---|---|---|---|---|---|---|---|---|---|---|
| Military College of Signals (MCS) | Military College of Signals (MCS) | 12/12/2016 | 005.1 JEF | MCSEB-1376 | 12/08/2016 | 12/12/2016 | Book |
